| 000 | 00463cam a2200157 a 4500 | ||
|---|---|---|---|
| 020 | _a1589481194 (paperback) | ||
| 040 | _cIUA | ||
| 082 | _a658 ESR 2003 | ||
| 100 | 1 | _aTomlinson, Roger F. | |
| 245 | 1 | 0 |
_aThinking about GIS : _bgeographic information system planning for managers / |
| 250 | _a1st ed. | ||
| 260 |
_aRedlands, Calif. : _bESRI Press, _c2003. |
||
| 300 |
_axx, 307 p. : b ill. ; _c23 cm. |
||
| 650 | 0 | _aGeographic information systems. | |
| 942 | _cEK | ||
| 999 |
_c11295 _d11295 |
||